Départements français sans voyelles #4 - Statistiques

Statistiques générales
  • Ce quiz a été pris 379 fois
  • Le résultat moyen est 18 sur 20
Statistiques - réponses
Indices Réponses % Correct
BCHS-D-RHN Bouches-du-Rhône
99%
LPS-MRTMS Alpes-Maritimes
98%
CT-D'R Côte-d'Or
98%
HT-LR Haute-Loire
98%
HT-RHN Haut-Rhin
98%
PS-D-CLS Pas-de-Calais
98%
MRBHN Morbihan
96%
HRLT Hérault
95%
LNDS Landes
95%
HTS-PRNS Hautes-Pyrénées
94%
MSLL Moselle
94%
DX-SVRS Deux-Sèvres
92%
GRS Gers
92%
TRN-T-GRNN Tarn-et-Garonne
92%
CNTL Cantal
91%
LZR Lozère
91%
SN-T-MRN Seine-et-Marne
90%
LRT Loiret
89%
RDCH Ardèche
85%
MTT Mayotte
50%
Aucun quiz correspondant
Distribution des résultats
% des personnes avec chaque résultat
Percentile par nombre de réponses
Votre historique - résultats
Vous n’avez pas pris ce quiz